Normal view
MARC view
- Irum, Aneela
Entry Personal Name
001 - CONTROL NUMBER
- control field: 17215
003 - CONTROL NUMBER IDENTIFIER
- control field: NUST
005 - DATE AND TIME OF LATEST TRANSACTION
- control field: 20190710052249.0
008 - FIXED-LENGTH DATA ELEMENTS
- fixed length control field: 190710|| aca||aabn | a|a d
040 ## - CATALOGING SOURCE
- Original cataloging agency: NUST
- Transcribing agency: NUST
100 ## - HEADING--PERSONAL NAME
- Personal name: Irum, Aneela
670 ## - SOURCE DATA FOUND
- Source citation: Work cat.: (NUST): Irum, Aneela, Surface Gravity of Black Holes /, 2016.
